000 00460nam a2200181Ia 4500
001 8976
005 20260306160649.0
008 260306t2007||||xx |||||||||||||| ||spa||
041 _aESP
082 _a372.21
_bD98 2007
100 _aDurivage, Johanne
_eAUT
245 0 _aEducación y psicomotricidad:
_bmanual para el nivel preescolar
260 _c2007
300 _a104 páginas :
_c23 cm.
650 _aGEN
654 _aCED
942 _cLIB
_dJUS
_fJUS
_2ddc
_n
999 _c8976
_d8976